[Event "Warsaw Najdorf Memorial op-B 12th"]
[Site "Warsaw"]
[Date "2014.07.18"]
[Round "5"]
[White "Szefer, Michal"]
[Black "Suliborski, Jakub"]
[Result "1/2-1/2"]
[WhiteElo "1930"]
[BlackElo "2077"]
[PlyCount "30"]
[EventDate "2014.07.14"]
[EventType "swiss"]
[EventRounds "9"]
[EventCountry "POL"]
[SourceTitle "EXT 2016"]
[Source "ChessBase"]
[SourceDate "2015.10.08"]
[SourceVersion "1"]
[SourceVersionDate "2015.10.08"]
[SourceQuality "1"]

1. e4 c5 2. Nf3 a6 3. c3 d5 4. exd5 Qxd5 5. d4 Bg4 6. Be2 e6 7. Be3 Nd7 8. 0-0 Ngf6 9. c4 Qc6 10. Nc3 Bd6 11. h3 Bh5 12. Rb1 Rd8 13. Qa4 Qxa4 14. Nxa4 Ne4 15. Rfd1 Ke7 1/2-1/2

[Event "Warsaw YMCA Summer 125th"]
[Site "Warsaw"]
[Date "2013.08.22"]
[Round "9"]
[White "Wojtaszewski, Piotr"]
[Black "Szefer, Michal"]
[Result "1-0"]
[WhiteElo "2018"]
[BlackElo "1965"]
[PlyCount "87"]
[EventDate "2013.07.05"]
[EventType "tourn"]
[EventRounds "10"]
[EventCountry "POL"]
[SourceTitle "EXT 2014"]
[Source "ChessBase"]
[SourceDate "2013.11.20"]
[SourceVersion "1"]
[SourceVersionDate "2013.11.20"]
[SourceQuality "1"]

1. e4 c5 2. Nf3 d6 3. d4 cxd4 4. Nxd4 Nf6 5. Nc3 a6 6. f3 g6 7. Be3 Bg7 8. Qd2 Nc6 9. 0-0-0 0-0 10. g4 Bd7 11. h4 h5 12. gxh5 Nxh5 13. f4 Bg4 14. Be2 Bxe2 15. Ncxe2 Qa5 16. Qxa5 Nxa5 17. f5 Nc4 18. Bg5 f6 19. Bd2 Nxd2 20. Kxd2 gxf5 21. exf5 Bh6+ 22. Kd3 Kf7 23. Ne6 Rg8 24. Rhg1 Rxg1 25. Rxg1 Rg8 26. Rxg8 Kxg8 27. Ke4 Bd2 28. c4 Kh7 29. Kf3 Kh6 30. Kg4 Be3 31. Nc3 Bf2 32. Nd5 Ng3 33. Nxe7 Kh7 34. Nd5 Nxf5 35. Kxf5 Bxh4 36. Nxf6+ Kh6 37. Ng4+ Kh7 38. Nf6+ Kh6 39. Ne4 Be7 40. Nd4 Bf8 41. Ke6 Kg6 42. Nxd6 b6 43. Kd5 Bg7 44. b4 1-0

[Event "Warsaw YMCA Summer 125th"]
[Site "Warsaw"]
[Date "2013.08.21"]
[Round "10"]
[White "Szefer, Michal"]
[Black "Liberadzki, Slawomir"]
[Result "0-1"]
[WhiteElo "1965"]
[BlackElo "2070"]
[PlyCount "50"]
[EventDate "2013.07.05"]
[EventType "tourn"]
[EventRounds "10"]
[EventCountry "POL"]
[SourceTitle "EXT 2014"]
[Source "ChessBase"]
[SourceDate "2013.11.20"]
[SourceVersion "1"]
[SourceVersionDate "2013.11.20"]
[SourceQuality "1"]

1. e4 c5 2. Nc3 Nc6 3. f4 g6 4. Nf3 Bg7 5. Bb5 Nd4 6. 0-0 Nxb5 7. Nxb5 a6 8. Nc3 e6 9. e5 d5 10. exd6 Qxd6 11. Ne4 Qc7 12. d3 Ne7 13. Qe1 Nf5 14. c3 b6 15. g4 Nd6 16. Nxd6+ Qxd6 17. Qe4 Ra7 18. f5 Bb7 19. Qf4 e5 20. Re1 Qc6 21. Rxe5+ Bxe5 22. Qxe5+ Kd7 23. Bf4 Re8 24. Re1 Raa8 25. Re4 f6 0-1

[Event "Warsaw YMCA Summer 125th"]
[Site "Warsaw"]
[Date "2013.07.24"]
[Round "4"]
[White "Szefer, Michal"]
[Black "Wojtaszewski, Piotr"]
[Result "1-0"]
[WhiteElo "1965"]
[BlackElo "2018"]
[PlyCount "79"]
[EventDate "2013.07.05"]
[EventType "tourn"]
[EventRounds "10"]
[EventCountry "POL"]
[SourceTitle "EXT 2014"]
[Source "ChessBase"]
[SourceDate "2013.11.20"]
[SourceVersion "1"]
[SourceVersionDate "2013.11.20"]
[SourceQuality "1"]

1. e4 c5 2. Nf3 e6 3. d4 cxd4 4. Nxd4 Nc6 5. Nc3 Qc7 6. Be3 a6 7. Be2 Bb4 8. 0-0 Bxc3 9. bxc3 Nf6 10. Nxc6 Qxc6 11. Bf3 d5 12. e5 Nd7 13. Bd4 0-0 14. Be2 Qc7 15. f4 Nc5 16. Bd3 b5 17. Qh5 g6 18. Qh6 Bb7 19. Rf3 Ne4 20. Bxe4 dxe4 21. Rh3 f5 22. exf6 Rf7 23. Rg3 Rd8 24. h4 Rd5 25. h5 g5 26. Rxg5+ Rxg5 27. Qxg5+ Kh8 28. Re1 Qc8 29. Re3 Qg8 30. Rg3 Qf8 31. h6 Bd5 32. a3 Qd8 33. Qh5 Qd7 34. Qe5 Qd8 35. f5 exf5 36. Qxf5 a5 37. Rg5 Bc4 38. Qxe4 b4 39. Re5 Rf8 40. f7 1-0

[Event "Warsaw YMCA Autumn-B 97th"]
[Site "Warsaw"]
[Date "2011.09.28"]
[Round "2"]
[White "Rusin, Ryszard"]
[Black "Szefer, Michal"]
[Result "1/2-1/2"]
[WhiteElo "1859"]
[BlackElo "2041"]
[PlyCount "102"]
[EventDate "2011.09.21"]
[EventType "tourn"]
[EventRounds "11"]
[EventCountry "POL"]
[SourceTitle "EXT 2014"]
[Source "ChessBase"]
[SourceDate "2013.11.20"]
[SourceVersion "1"]
[SourceVersionDate "2013.11.20"]
[SourceQuality "1"]

1. d4 Nf6 2. c4 e5 3. dxe5 Ne4 4. Qd4 Bb4+ 5. Bd2 Nxd2 6. Nxd2 Nc6 7. Qd5 Bxd2+ 8. Qxd2 Nxe5 9. Rc1 0-0 10. e3 b6 11. Qd5 Qe7 12. Qxa8 Qb4+ 13. Kd1 Nc6 14. Bd3 Ba6 15. a3 Qb3+ 16. Bc2 Qxb2 17. Bxh7+ Kxh7 18. Qxf8 Qb3+ 19. Rc2 Bxc4 20. Nf3 Bd3 21. Ne1 Bxc2+ 22. Nxc2 Qb1+ 23. Kd2 Qxh1 24. Qxf7 Qxh2 25. Qf5+ Kg8 26. g3 Qg2 27. e4 Ne7 28. Qf4 d6 29. Ne3 Qh3 30. g4 Qh6 31. g5 Qe6 32. Ke1 c5 33. Kf1 Ng6 34. Qf5 Qxf5 35. Nxf5 Nf4 36. Nxd6 Ne6 37. g6 Nf4 38. Nc8 Nxg6 39. Nxa7 Nf4 40. Nc8 b5 41. Nd6 b4 42. a4 b3 43. Nb5 Nd3 44. a5 Nb4 45. Ke2 b2 46. Nc3 Kf7 47. Kd2 Ke6 48. f4 Kd6 49. Nb1 c4 50. Kc3 Nd3 51. f5 Kc5 1/2-1/2

[Event "Warsaw YMCA Autumn-B 68th"]
[Site "Warsaw"]
[Date "2009.11.11"]
[Round "10"]
[White "Szefer, Michal"]
[Black "Sielicki, Tomasz"]
[Result "1-0"]
[WhiteElo "2036"]
[BlackElo "2047"]
[PlyCount "47"]
[EventDate "2009.10.01"]
[EventType "tourn"]
[EventRounds "11"]
[EventCountry "POL"]
[SourceTitle "EXT 2011"]
[Source "ChessBase"]
[SourceDate "2010.11.26"]
[SourceVersion "1"]
[SourceVersionDate "2010.11.26"]
[SourceQuality "1"]

1. e4 d6 2. d4 Nf6 3. Nc3 g6 4. Be2 Bg7 5. h4 c5 6. Be3 cxd4 7. Bxd4 Nc6 8. Bb5 Bd7 9. Bxc6 Bxc6 10. f3 e5 11. Be3 d5 12. exd5 Nxd5 13. Nxd5 Qxd5 14. Qxd5 Bxd5 15. 0-0-0 Bc6 16. Ne2 0-0 17. h5 f5 18. hxg6 hxg6 19. Rd6 Kf7 20. Ng1 Rh8 21. Nh3 Bf6 22. Rhd1 Rhd8 23. Rxf6+ Kg7 24. Rfd6 1-0

[Event "Warsaw YMCA Autumn-B 68th"]
[Site "Warsaw"]
[Date "2009.10.30"]
[Round "4"]
[White "Krasiewicz, Robert"]
[Black "Szefer, Michal"]
[Result "1-0"]
[WhiteElo "2094"]
[BlackElo "2036"]
[PlyCount "77"]
[EventDate "2009.10.01"]
[EventType "tourn"]
[EventRounds "11"]
[EventCountry "POL"]
[SourceTitle "EXT 2011"]
[Source "ChessBase"]
[SourceDate "2010.11.26"]
[SourceVersion "1"]
[SourceVersionDate "2010.11.26"]
[SourceQuality "1"]

1. d4 c5 2. Nf3 Nf6 3. c4 cxd4 4. Nxd4 e5 5. Nb5 d5 6. cxd5 Bc5 7. N5c3 0-0 8. g3 Qb6 9. e3 Bg4 10. Be2 Bh3 11. g4 Rd8 12. Rg1 h5 13. g5 Ne8 14. Bxh5 g6 15. Bg4 Bxg4 16. Qxg4 Na6 17. a3 Rac8 18. b4 Be7 19. e4 Rc4 20. Be3 Qc7 21. Nb5 Rc1+ 22. Bxc1 Qxc1+ 23. Qd1 Qf4 24. Rg4 Qxh2 25. Nd2 Qh1+ 26. Nf1 Nxb4 27. axb4 Bxb4+ 28. Ke2 Qh5 29. Kd3 f5 30. gxf6 Nxf6 31. Ne3 a6 32. Nc7 Rc8 33. Rc1 Bd6 34. Qf3 Nd7 35. Rh1 Nc5+ 36. Ke2 Nb3 37. Ne6 Nc1+ 38. Kf1 Nb3 39. Rxh5 1-0

[Event "Warsaw op 04"]
[Site "Warsaw"]
[Date "2009.05.28"]
[Round "11"]
[White "Zurkowski, Andrzej"]
[Black "Szefer, Michal"]
[Result "1-0"]
[WhiteElo "2150"]
[BlackElo "2036"]
[PlyCount "79"]
[EventDate "2009.04.07"]
[EventType "swiss"]
[EventRounds "11"]
[EventCountry "POL"]
[SourceTitle "EXT 2012"]
[Source "ChessBase"]
[SourceDate "2011.11.24"]
[SourceVersion "1"]
[SourceVersionDate "2011.11.24"]
[SourceQuality "1"]

1. d4 f5 2. g3 Nf6 3. Bg2 g6 4. c4 Bg7 5. Nc3 0-0 6. f3 d6 7. e4 Nc6 8. Be3 e5 9. d5 Ne7 10. Qd2 fxe4 11. fxe4 Ng4 12. Nf3 Nxe3 13. Qxe3 h6 14. 0-0 c6 15. b4 Qb6 16. c5 Qxb4 17. Rab1 Qxc5 18. Qxc5 dxc5 19. d6 b5 20. dxe7 Re8 21. Rfd1 Bg4 22. Rd6 Kh7 23. Rxc6 Rxe7 24. Nd5 Rf7 25. Nd2 Raf8 26. Rf1 Be2 27. Rxf7 Rxf7 28. Bf1 Bxf1 29. Nxf1 h5 30. Nfe3 Rd7 31. Ng2 Rf7 32. Nh4 g5 33. Nf5 g4 34. Kf2 Bf8 35. Nf6+ Kh8 36. Nxh5 b4 37. Nf6 c4 38. Nxg4 Rd7 39. Rc8 Kg8 40. Nf6+ 1-0

[Event "Warsaw op 04"]
[Site "Warsaw"]
[Date "2009.05.01"]
[Round "4"]
[White "Krasiewicz, Robert"]
[Black "Szefer, Michal"]
[Result "1-0"]
[WhiteElo "2094"]
[BlackElo "2036"]
[PlyCount "57"]
[EventDate "2009.04.07"]
[EventType "swiss"]
[EventRounds "11"]
[EventCountry "POL"]
[SourceTitle "EXT 2012"]
[Source "ChessBase"]
[SourceDate "2011.11.24"]
[SourceVersion "1"]
[SourceVersionDate "2011.11.24"]
[SourceQuality "1"]

1. d4 g6 2. c4 Bg7 3. Nc3 Nf6 4. e4 0-0 5. f4 c5 6. dxc5 Qa5 7. Bd3 Qxc5 8. Qe2 Nc6 9. Nf3 d6 10. Be3 Qa5 11. 0-0 Ng4 12. Bd2 Nd4 13. Qe1 Nxf3+ 14. gxf3 Nf6 15. Kh1 Qh5 16. Qf2 Be6 17. Rg1 Qc5 18. Be3 Qc8 19. Rac1 Kh8 20. Qh4 Rg8 21. Bd4 Qd7 22. Rg5 Rac8 23. b3 Nh5 24. Bxg7+ Nxg7 25. Rcg1 Qc6 26. Qh6 Nh5 27. f5 f6 28. fxg6 Rg7 29. Rxh5 1-0

[Event "Warsaw op-A 01"]
[Site "Warsaw"]
[Date "2009.03.06"]
[Round "9"]
[White "Szefer, Michal"]
[Black "Grochulski, Grzegorz"]
[Result "0-1"]
[WhiteElo "2036"]
[BlackElo "1968"]
[PlyCount "46"]
[EventDate "2009.01.08"]
[EventType "swiss"]
[EventRounds "11"]
[EventCountry "POL"]
[SourceTitle "EXT 2012"]
[Source "ChessBase"]
[SourceDate "2011.11.24"]
[SourceVersion "1"]
[SourceVersionDate "2011.11.24"]
[SourceQuality "1"]

1. e4 e5 2. f4 exf4 3. Bc4 Nf6 4. Nc3 c6 5. Qe2 d5 6. exd5+ Be7 7. d4 0-0 8. Bxf4 cxd5 9. Bd3 Re8 10. 0-0-0 Bb4 11. Qd2 Bg4 12. Re1 Rxe1+ 13. Qxe1 Nc6 14. Qh4 Qa5 15. Bg5 Bxc3 16. Bxf6 h5 17. bxc3 gxf6 18. Kd2 Nxd4 19. h3 Rc8 20. hxg4 Qxc3+ 21. Ke3 Nxc2+ 22. Kf2 Qe1+ 23. Kf3 Qe3# 0-1

[Event "Warsaw op-A 01"]
[Site "Warsaw"]
[Date "2009.02.27"]
[Round "8"]
[White "Choroszej, Aleksander"]
[Black "Szefer, Michal"]
[Result "1/2-1/2"]
[WhiteElo "2067"]
[BlackElo "2036"]
[PlyCount "91"]
[EventDate "2009.01.08"]
[EventType "swiss"]
[EventRounds "11"]
[EventCountry "POL"]
[SourceTitle "EXT 2012"]
[Source "ChessBase"]
[SourceDate "2011.11.24"]
[SourceVersion "1"]
[SourceVersionDate "2011.11.24"]
[SourceQuality "1"]

1. d4 f5 2. g4 fxg4 3. h3 Nf6 4. hxg4 Nxg4 5. Qd3 g6 6. Nf3 d5 7. Ng5 Bf5 8. Qb3 Nc6 9. f3 Nf6 10. e4 dxe4 11. Qf7+ Kd7 12. fxe4 Nxe4 13. Nxe4 Bxe4 14. Bh3+ Bf5 15. Bxf5+ gxf5 16. Qxf5+ e6 17. Rxh7+ Rxh7 18. Qxh7+ Qe7 19. Qxe7+ Bxe7 20. c3 Rh8 21. Nd2 Rh1+ 22. Nf1 e5 23. d5 Bh4+ 24. Ke2 Ne7 25. Ne3 Bg5 26. c4 Ng6 27. Kf3 Nf4 28. Nc2 Rh2 29. Na3 a6 30. c5 Bh4 31. Bxf4 Rf2+ 32. Ke4 exf4 33. Nc4 Bf6 34. Rh1 Bxb2 35. Rh7+ Kd8 36. d6 cxd6 37. Nxd6 Re2+ 38. Kf3 Re7 39. Nxb7+ Ke8 40. Rxe7+ Kxe7 41. Kxf4 Kd7 42. Na5 Bc3 43. Nb3 Kc6 44. Ke4 Bf6 45. a4 Bg7 46. Kd3 1/2-1/2

[Event "Warsaw YMCA Autumn 52nd"]
[Site "Warsaw"]
[Date "2008.11.28"]
[Round "8"]
[White "Szefer, Michal"]
[Black "Sielicki, Tomasz"]
[Result "1-0"]
[WhiteElo "2065"]
[BlackElo "2063"]
[PlyCount "47"]
[EventDate "2008.10.07"]
[EventType "tourn"]
[EventRounds "13"]
[EventCountry "POL"]
[SourceTitle "EXT 2019"]
[Source "ChessBase"]
[SourceDate "2018.10.10"]
[SourceVersion "1"]
[SourceVersionDate "2018.10.10"]
[SourceQuality "1"]

1. e4 d6 2. d4 Nf6 3. Nc3 g6 4. f4 Bg7 5. Nf3 c5 6. Bb5+ Bd7 7. e5 Ng4 8. Bxd7+ Qxd7 9. d5 dxe5 10. h3 e4 11. Nxe4 Nf6 12. Nxf6+ Bxf6 13. 0-0 0-0 14. Be3 Bxb2 15. Rb1 Bg7 16. Bxc5 Rd8 17. c4 Qc7 18. Bd4 Qxc4 19. Bxg7 Kxg7 20. Rxb7 Rxd5 21. Qa1+ Kh6 22. Qh8 Qxf4 23. Qf8+ Kh5 24. g4+ 1-0